| 000 | 01047nam a2200217Ia 4500 | ||
|---|---|---|---|
| 999 |
_c36858 _d36858 |
||
| 001 | 2807 | ||
| 003 | GE_BSU | ||
| 005 | 20190506151955.0 | ||
| 008 | 181216s1997||||ge |||||||||||||| ||geo|| | ||
| 040 | _cGE_BSU | ||
| 041 | _ageo | ||
| 080 | _a330.1(076.1) გ-19 | ||
| 245 |
_aგამოყენებითი ეკონომიკა =Junior Achievement–Applied Economis: _bსავარჯიშოთა კრებული _cინგ. თარგმნა : ირაკლი გაბრიაძემ ; რედ : თენგიზ ჭიაბრიშვილი |
||
| 250 | _aI-ლი ქართული გამოცემა | ||
| 264 |
_aთბილისი . : _bმარიხი, _c1997. |
||
| 300 |
_a268 გვ.; _bილ. _c28სმ. |
||
| 653 | _aეკონომიკა | ||
| 700 |
_aგაბრიაძე, ირაკლი _eმთარგმნელი _9803 |
||
| 700 |
_aჭიაბრიშვილი, თენგიზ _eრედაქტორი _9804 |
||
| 942 |
_cBK _2udc |
||